000 00409nam a22001697a 4500
003 MPLRDC
005 20220104114200.0
008 210129b ||||| |||| 00| 0 eng d
082 _a861.57 GQRYL
100 _a谷崎润一郎
245 _a痴人之爱
_c
260 _a
_b星光出版社
_c
300 _b
490 _a双子星丛书. 416
650 _a日本现代小说
942 _cBK
_o861.57 GQRYL
999 _c5468
_d5458